[Event "HCL-C4193"]
[Site "www.playchess.de"]
[Date "2006.03.26"]
[Round "20"]
[White "cbauer"]
[Black "daveboy6968"]
[WhiteElo "169"]
[BlackElo "959"]
[PlyCount "64"]
[Result "0-1"]

1.e4 e5 {hi and good luck ;-)}  2.Nf3 {thanks, you 
too}  d6 {:-)}  3.d3 Bg4 4.h3 Bxf3 5.gxf3 f6 6.f4 
h5 7.c4 c5 8.Nc3 Ne7 9.fxe5 fxe5 10.a4 a5 11.d4 
Nec6 12.d5 Nd4 13.h4 b6 14.Rg1 Qxh4 15.Be3 Qh2 
16.Rg6 Qh1 17.Bxd4 cxd4 18.Ne2 Qxe4 19.Re6+ Kd7 
20.f3 Qxf3 21.b3 Be7 22.Rxe7+ Kxe7 23.b4 axb4 
24.Qc1 Qg4 25.Rb1 Rxa4 26.Qc2 Na6 27.Qxa4 Nc5 
28.Qxb4 Nd3+ 29.Kd2 Nxb4 30.Rxb4 Ra8 31.Rxb6 Ra2+ 
32.Kd3 Qf3+ 0-1

[Event "HCL-E1613"]
[Site "www.playchess.de"]
[Date "2006.03.26"]
[Round "14"]
[White "PhilipKaveny"]
[Black "kendo"]
[WhiteElo "1388"]
[BlackElo "1555"]
[PlyCount "82"]
[Result "0-1"]

1.e4 e6 2.b3 Nf6 3.d3 Bb4+ 4.c3 Ba5 5.Nf3 c5 6.Be2 
Nc6 7.O-O O-O 8.Bb2 h6 9.e5 Nd5 10.d4 cxd4 11.cxd4 
a6 12.a3 b5 13.Nbd2 Nc3 14.Bxc3 Bxc3 15.Rb1 Bxd4 
16.Nxd4 Nxd4 17.Bf3 Rb8 18.Ne4 Nxf3+ 19.Qxf3 Bb7 
20.Qd3 Bxe4 21.Qxe4 d5 22.exd6 Qxd6 23.b4 Rfd8 
24.g3 Qd3 25.Qxd3 Rxd3 26.Rba1 Rc8 27.Rfd1 Rcc3 
28.Rxd3 Rxd3 29.Kg2 e5 30.Re1 f6 31.Re3 Rxe3 
32.fxe3 f5 33.h3 Kf7 34.Kf3 e4+ 35.Kf4 Kf6 36.g4 
g6 37.gxf5 gxf5 38.h4 h5 39.Kg3 Ke5 40.Kf2 f4 
41.exf4+ Kxf4 0-1

[Event "HCL-E1617"]
[Site "www.playchess.de"]
[Date "2006.03.26"]
[Round "10"]
[White "wbaldan"]
[Black "PhilipKaveny"]
[WhiteElo "1603"]
[BlackElo "1422"]
[PlyCount "51"]
[Result "1-0"]

1.e4 c5 2.Nf3 d6 3.d4 cxd4 4.Nxd4 Nc6 5.Nc3 g6 
6.Be3 Bg7 7.f3 Nf6 8.Qd2 O-O 9.g4 e5 10.Nde2 Be6 
11.O-O-O Qa5 12.g5 Nh5 13.Kb1 Nb4 14.a3 Nc6 15.Ng3 
Nf4 16.h4 Nd4 17.h5 Nxf3 18.Qf2 Bg4 19.hxg6 fxg6 
20.Bc4+ d5 21.Nxd5 Kh8 22.Nxf4 exf4 23.Rxh7+ Kxh7 
24.Rh1+ Bh5 25.Nxh5 fxe3 26.Nf6+ 1-0

[Event "HCL-C4213"]
[Site "www.playchess.de"]
[Date "2006.03.26"]
[Round "19"]
[White "spartan1"]
[Black "Skipper_Robert"]
[WhiteElo "996"]
[BlackElo "891"]
[PlyCount "81"]
[Result "1-0"]

1.d4 d5 2.h3 Nc6 3.Nf3 h6 4.e3 Bf5 5.Bb5 e6 6.Ne5 
Bd6 7.Bxc6+ bxc6 8.Nxc6 Qd7 9.Na5 Bb4+ 10.c3 Bxa5 
11.b4 Bb6 12.a4 c6 13.a5 Bc7 14.Nd2 Nf6 15.O-O g5 
16.Nb3 Bd6 17.Nc5 Bxc5 18.bxc5 Rb8 19.a6 O-O 
20.Qf3 Qe7 21.Qe2 Ne4 22.Bd2 {That was a very god 
move.}  Rb2 23.Rfd1 Nxc3 24.Qe1 Nxd1 25.Qxd1 Qf6 
26.Bc3 Rb3 27.Qxb3 g4 28.hxg4 Bxg4 29.Qb7 Kh7 
30.Qxa7 Qg6 31.Qc7 Bh3 32.Qg3 Qd3 33.a7 Qxc3 
34.Ra6 Bf5 35.a8Q Rxa8 36.Rxa8 Bg6 37.Qe5 Bf5 
38.Rh8+ Kg6 39.Rg8+ {I thought I had you before 
you made your last move.}  Kh5 {nice game, hope I 
have a chance to play once more against you}  
40.Qh2+ {I liked the game. I get lucky once in 
awhile. Hope we meet again sometime.}  Bh3 {bye}  
41.Qxh3+ 1-0

[Event "HCL-B3904"]
[Site "www.playchess.de"]
[Date "2006.03.26"]
[Round "3"]
[White "dccarnes"]
[Black "AlbertoAveiro"]
[WhiteElo "1200"]
[BlackElo "1400"]
[PlyCount "32"]
[Result "0-1"]

1.e4 {Hi - good luck!}  c5 2.Nf3 d6 3.Bc4 Nf6 4.d3 
Nc6 5.Ng5 e6 6.O-O Be7 7.Nc3 a6 8.f4 b5 9.Bb3 Nd4 
10.e5 Nd7 11.exd6 Bxd6 12.Qe1 O-O 13.Nge4 Nb6 
14.Nxd6 Qxd6 15.Ne4 Qc7 16.Qc3 
Ne2+ 0-1

[Event "HCL-A2555"]
[Site "www.playchess.de"]
[Date "2006.03.27"]
[Round "1"]
[White "antoniocastro"]
[Black "Mazarella"]
[WhiteElo "1384"]
[BlackElo "1600"]
[PlyCount "57"]
[Result "1-0"]

1.e4 e6 2.d4 h6 3.Nf3 Ne7 4.b3 Rh7 5.Bb2 g6 6.Bd3 
Bg7 7.Nbd2 Nbc6 8.a3 d5 9.e5 Qd7 10.O-O b6 11.Qe2 
Bb7 12.Ba6 Qc8 13.Bxb7 Qxb7 14.Rfe1 O-O-O 15.b4 f5 
16.Rec1 Bf8 17.c4 dxc4 18.Qxc4 Rd5 19.Nb3 a6 
20.Qe2 b5 21.Nc5 Qb6 22.Nxe6 Rh8 23.Nxf8 Rxf8 
24.Qd2 Rfd8 25.Rc5 a5 26.Rac1 a4 27.Qc2 Kb7 
28.Rxd5 Nxd5 29.Qd2 1-0

[Event "HCL-C4147"]
[Site "www.playchess.de"]
[Date "2006.03.27"]
[Round "5"]
[White "gabrielvui"]
[Black "surak"]
[WhiteElo "800"]
[BlackElo "1095"]
[PlyCount "30"]
[Result "0-1"]

1.d4 e6 2.d5 exd5 3.Qxd5 Nf6 4.Qe5+ Be7 5.Nf3 O-O 
6.Ng5 h6 7.Nf3 Re8 8.Qg3 d5 9.Nh4 Nh5 10.Qc3 Nc6 
11.g3 Bxh4 12.gxh4 Qe7 13.Be3 Qxh4 14.Nd2 d4 
15.Nf3 Qd8 0-1

[Event "HCL-A2645"]
[Site "www.playchess.de"]
[Date "2006.03.27"]
[Round "17"]
[White "BohdanL"]
[Black "pirracas"]
[WhiteElo "1502"]
[BlackElo "1471"]
[PlyCount "65"]
[Result "1-0"]

1.e4 {hi, have a nice game}  e5 {hi you too}  
2.Nf3 Nc6 3.Bc4 Nf6 4.d4 exd4 5.Nxd4 Bc5 6.e5 Nxd4 
7.exf6 Qxf6 8.O-O O-O 9.c3 Ne6 10.Nd2 a6 11.Ne4 
Qg6 12.Re1 b6 13.Bd3 f5 14.b4 fxe4 15.Bxe4 Qf6 
16.bxc5 Rb8 17.cxb6 Qxf2+ 18.Kh1 Rxb6 19.Be3 Qh4 
20.Bxb6 cxb6 21.Qd6 b5 22.Bd5 Qf6 23.Kg1 Qxc3 
24.Ref1 Qe3+ 25.Kh1 Rxf1+ 26.Rxf1 h6 27.Bxe6+ Qxe6 
28.Qf8+ Kh7 29.Qxc8 Qe2 30.Qc1 Qxa2 31.Qb1+ Qxb1 
32.Rxb1 Kg6 33.Ra1 1-0

[Event "HCL-B3910"]
[Site "www.playchess.de"]
[Date "2006.03.27"]
[Round "10"]
[White "GMO"]
[Black "chessworm"]
[WhiteElo "1277"]
[BlackElo "1242"]
[PlyCount "128"]
[Result "0-1"]

1.d4 Nf6 2.Nf3 g6 3.c4 Bg7 4.e3 O-O 5.d5 d6 6.Be2 
c6 7.O-O Nbd7 8.Re1 Nb6 9.dxc6 bxc6 10.Na3 Rb8 
11.b3 Ne4 12.Nd4 Nc3 13.Qd2 Nxe2+ 14.Rxe2 Bd7 
15.Rb1 e5 16.Nf3 Bg4 17.e4 Bxf3 18.gxf3 Qe7 19.f4 
exf4 20.Qxf4 Be5 21.Qg4 Nd7 22.Nc2 Kg7 23.Bb2 h5 
24.Bxe5+ Nxe5 25.Qh3 Qf6 26.Rf1 Nf3+ 27.Kh1 Rbe8 
28.Ne1 Ng5 29.Qg2 Ne6 30.Rd2 Ng5 31.f3 Re6 32.Qf2 
c5 33.Qg2 h4 34.Rd5 Re5 35.Rxe5 dxe5 36.Nd3 Qe7 
37.Qg4 Rd8 38.Nc1 Ne6 39.Qg2 Nf4 40.Qb2 f6 41.Ne2 
Nxe2 42.Qxe2 g5 43.Rd1 Rd4 44.Rxd4 exd4 45.Qd2 Qd6 
46.Qa5 a6 47.Qd2 h3 48.Kg1 Kh6 49.Qd1 Qf4 50.Qf1 
g4 51.fxg4 Qxg4+ 52.Kf2 Qf4+ 53.Kg1 Qg4+ 54.Kf2 f5 
55.exf5 Qxf5+ 56.Kg1 Qg5+ 57.Kh1 Qg4 58.Qf6+ Kh5 
59.Qf7+ Kg5 60.Qd5+ Kf4 61.Qd6+ Ke3 62.Qe5+ Kd2 
63.Qg3 Qd1+ 64.Qg1 Qf3+ 0-1

[Event "HCL-E1546"]
[Site "www.playchess.de"]
[Date "2006.03.27"]
[Round "35"]
[White "Harijs"]
[Black "Coolhandluke"]
[WhiteElo "1832"]
[BlackElo "1491"]
[PlyCount "73"]
[Result "1-0"]

1.d4 {Hello from Latvia!}  Nf6 {Looking forward to 
an interesting game. Good luck!}  2.c4 c5 3.d5 b5 
4.cxb5 a6 5.bxa6 Bxa6 6.Nf3 g6 7.Nc3 d6 8.g3 Bg7 
9.Bg2 Nbd7 10.O-O O-O 11.Qc2 Nb6 12.Rd1 Qc7 13.e4 
Rfb8 14.a4 Nfd7 15.b3 Ne5 16.Nxe5 Bxe5 17.Ra2 Qb7 
18.Bh6 Nd7 19.Bf3 Qxb3 20.Bd2 Qxc2 21.Rxc2 Bd3 
22.Ra2 Bxc3 23.Bxc3 Rb1 24.Rxb1 Bxb1 25.Rb2 Rb8 
26.Rxb8+ Nxb8 27.Kf1 Kf8 28.Ke2 Ke8 29.g4 Na6 
30.g5 Kd8 31.Ke3 Nb4 32.a5 e6 {(offering draw)}  
33.Bxb4 cxb4 34.a6 Kc8 35.e5 exd5 36.Bg4+ Kb8 
{Well played game Harijs! Not much left for me to 
do.}  37.exd6 1-0

[Event "HCL-B3921"]
[Site "www.playchess.de"]
[Date "2006.03.27"]
[Round "4"]
[White "todwag"]
[Black "WStanEvans"]
[WhiteElo "1200"]
[BlackElo "1383"]
[PlyCount "62"]
[Result "1/2-1/2"]

1.e4 {Hello, good chess to you.}  e5 {Greetings 
from Louisville KY!}  2.Nc3 {Im from Dallas TX.  
How do you like playchess.de? I see you are a 
member.}  Nf6 {I like it. It is almost as good as 
ChessWorld. Net-chess.com is another good one. 
PlayChess is better than net-chess feature-wise, 
but net-chess is completely free.}  3.f4 d5 4.fxe5 
Nxe4 5.Qe2 {Im a computer programmer.  What do you 
do for a living?}  Qh4+ 6.g3 Nxc3 7.dxc3 Qe7 8.Bf4 
Be6 9.O-O-O Nd7 10.Qf2 Nb6 11.c4 Nxc4 12.Bxc4 dxc4 
13.Ne2 Bg4 14.c3 g5 15.Be3 Qxe5 16.Rd2 b6 17.Bd4 
Qd5 18.Re1 O-O-O 19.Red1 Bc5 20.Bxc5 Qxc5 21.Qxf7 
Bxe2 22.Qe6+ Kb7 23.Qxe2 Rxd2 24.Rxd2 h6 25.Qe4+ 
Qc6 26.Rd4 Qxe4 27.Rxe4 b5 28.h4 gxh4 29.Rxh4 Rg8 
30.Rxh6 Rxg3 31.Rh1 a5 {(offering draw)} 
 1/2-1/2

[Event "HCL-E1563"]
[Site "www.playchess.de"]
[Date "2006.03.27"]
[Round "10"]
[White "Harijs"]
[Black "mkefeli"]
[WhiteElo "1848"]
[BlackElo "1841"]
[PlyCount "115"]
[Result "1/2-1/2"]

1.d4 {Hello from Latvia! Good luck!}  d5 2.c4 e6 
3.cxd5 exd5 4.Nc3 Nf6 5.Nf3 Be7 6.e3 O-O 7.Bd3 
Nbd7 8.O-O c5 9.b3 cxd4 10.exd4 Re8 11.Re1 Nf8 
12.Ne5 Ng6 13.Bb5 Rf8 14.Bg5 Be6 15.Rc1 Rc8 
16.Nxg6 hxg6 17.a4 Ba3 18.Rc2 Bb4 19.Re3 Qa5 
20.Na2 Rxc2 21.Qxc2 Rc8 22.Qd1 Bd6 23.Bxf6 gxf6 
24.g3 a6 25.Bd3 Kg7 26.Nc1 Qb6 27.Bf1 Ba3 28.Na2 
Bb2 29.Rd3 Qc6 30.Qe2 Ba3 31.Rc3 Qb6 32.Rxc8 Bxc8 
33.Qd3 Bf5 34.Qc3 Bd6 35.Bg2 Qc6 36.Qb2 Be6 37.Qd2 
Qb6 38.Qe3 Bb8 39.Nc1 Qb4 40.Na2 Qa3 41.Nc1 Ba7 
42.Ne2 Qa1+ 43.Qc1 Qxc1+ 44.Nxc1 Bxd4 45.Nd3 Be5 
46.Nc5 b5 47.Nxe6+ fxe6 48.f4 bxa4 49.bxa4 Bd4+ 
50.Kf1 Kf7 51.g4 f5 52.gxf5 gxf5 53.Ke2 Ke7 54.h4 
Kd6 55.Bf1 e5 56.fxe5+ Bxe5 57.h5 Bg7 58.a5 
{(offering draw)}  1/2-1/2

[Event "HCL-M873"]
[Site "www.playchess.de"]
[Date "2006.03.27"]
[Round "9"]
[White "AMT"]
[Black "terry"]
[WhiteElo "1914"]
[BlackElo "1753"]
[PlyCount "71"]
[Result "1-0"]

1.e4 {hi.gg & gl}  e5 2.Nf3 d6 {Can I offer you my 
very best wishes for the festive season 
?
}  3.d4 {Very kind of you, thank you very mujch 
and you too happy holidays!}  Nf6 4.Nc3 Bg4 5.dxe5 
Bxf3 6.gxf3 dxe5 7.Qxd8+ Kxd8 8.Bg5 c6 9.f4 h6 
10.Bxf6+ gxf6 11.O-O-O+ Kc7 12.Bc4 Rh7 13.Rhg1 Nd7 
14.f5 Bb4 15.Ne2 h5 16.Rg2 h4 17.h3 Rd8 18.c3 Bf8 
19.Kc2 Bh6 20.b4 b5 21.Bb3 Nb6 22.Rxd8 Kxd8 23.Ng1 
Nd7 24.Nf3 a5 25.bxa5 Nc5 26.Rg4 Bf4 27.Rxh4 Rxh4 
28.Nxh4 Nxe4 29.Ng2 Bh6 30.f3 Nd6 31.a4 Nxf5 
32.axb5 cxb5 33.Bxf7 Ne7 34.a6 Kc7 35.Be8 Nc6 
36.Nh4 1-0

[Event "HCL-C4237"]
[Site "www.playchess.de"]
[Date "2006.03.27"]
[Round "10"]
[White "Henri"]
[Black "xmen"]
[WhiteElo "711"]
[BlackElo "1364"]
[PlyCount "54"]
[Result "0-1"]

1.e4 {Bonjour et Bonne partie}  g6 {Hello and have 
a nice game!}  2.Nc3 Bg7 3.Bc4 d6 4.d4 a6 5.d5 b5 
6.Bd3 c5 7.dxc6 Nxc6 8.Nf3 Nf6 9.O-O O-O 10.Qe2 e5 
11.Bg5 Bg4 12.Be3 Nd4 13.Bxd4 exd4 14.Nd1 d5 15.e5 
Nd7 16.c3 Nxe5 17.Kh1 Bxf3 18.gxf3 dxc3 19.Nxc3 d4 
20.Ne4 Rc8 21.b3 Qh4 22.Ng3 Rfe8 23.Be4 Nd7 24.Qd3 
Nc5 25.Qe2 d3 26.Qe3 Bxa1 27.Rxa1 
Qf6 0-1

[Event "HCL-B3915"]
[Site "www.playchess.de"]
[Date "2006.03.27"]
[Round "5"]
[White "Daly"]
[Black "nichju"]
[WhiteElo "1455"]
[BlackElo "1060"]
[PlyCount "59"]
[Result "1-0"]

1.Nc3 e5 2.Nf3 Nc6 3.d4 d6 4.e4 {Good Morning it 
must be log on time in Germany. Rudi just sent me 
his move too.}  Bg4 {Good evening Daly. I think it 
must be bedtime in Australia ;-)}  5.dxe5 Nxe5 
6.Be2 Nf6 7.Nxe5 dxe5 8.Bxg4 Qxd1+ 9.Bxd1 Bb4 
10.O-O O-O 11.Nd5 Nxd5 12.exd5 Rad8 13.Bf3 f5 
14.Bg5 Rde8 15.Rad1 h6 16.Bd2 Bc5 17.a3 e4 18.Be2 
f4 19.b4 Bd4 20.Bxf4 Bc3 21.Bxc7 Rec8 22.d6 Bf6 
23.Rfe1 Bc3 24.Bc4+ Kh8 25.Rxe4 g5 26.d7 Rxc7 
27.Re8 Rxd7 28.Rxf8+ Kg7 29.Rg8+ Kh7 
30.Rxd7+ 1-0

[Event "HCL-A2592"]
[Site "www.playchess.de"]
[Date "2006.03.27"]
[Round "5"]
[White "torbalan"]
[Black "FighterFights"]
[WhiteElo "1279"]
[BlackElo "1908"]
[PlyCount "68"]
[Result "0-1"]

1.e4 Nc6 2.d4 Nf6 3.e5 Nd5 4.Nf3 g6 5.c4 Nb6 6.d5 
Nb4 7.a3 Na6 8.Be3 d6 9.Bxb6 axb6 10.b4 Nxb4 
11.Nc3 Na6 12.Be2 Bg7 13.O-O dxe5 14.Rc1 Nc5 15.a4 
Bd7 16.Nb5 Rxa4 17.Nd2 O-O 18.Nb3 Nxb3 19.Rb1 Nc5 
20.Nc3 Ra5 21.Qc2 Bf5 22.Qb2 Bxb1 23.Rxb1 Qd7 
24.h3 e4 25.Qc1 f5 26.Nd1 Ra2 27.Nc3 Bxc3 28.Qxc3 
Rxe2 29.Kf1 Ra2 30.f3 exf3 31.Qxf3 Ne4 32.Kg1 Qa4 
33.Qd3 Qc2 34.Qf1 Ng3 0-1

[Event "HCL-M897"]
[Site "www.playchess.de"]
[Date "2006.03.27"]
[Round "17"]
[White "Chuck_Ventimiglia"]
[Black "garethh"]
[WhiteElo "2053"]
[BlackElo "1890"]
[PlyCount "65"]
[Result "1/2-1/2"]

1.e4 c5 {Hello and good luck.}  2.Nf3 {Nice to 
meet you!!}  d6 3.d4 cxd4 4.Nxd4 Nf6 5.Nc3 a6 6.f4 
e5 7.Nf3 Nc6 8.Bd3 Be7 9.O-O exf4 10.Kh1 Bg4 
11.Bxf4 Ne5 12.Be2 Qc7 13.Nd5 Nxd5 14.exd5 O-O 
15.Nxe5 dxe5 16.Bxg4 exf4 17.c3 Rad8 18.Qd3 b5 
19.a4 b4 20.Bf3 Bf6 21.cxb4 Bxb2 22.Rab1 Be5 
23.Qxa6 Rda8 24.d6 Rxa6 25.dxc7 Bxc7 26.Rbc1 Bd6 
27.b5 Rxa4 28.b6 Rb4 29.b7 g5 30.Rfd1 Be5 31.h3 
Kg7 32.Rc8 f6 33.Rxf8 {(offering draw)} 
 1/2-1/2

[Event "HCL-B3914"]
[Site "www.playchess.de"]
[Date "2006.03.27"]
[Round "1"]
[White "Mosselman"]
[Black "Bible_Believer"]
[WhiteElo "1376"]
[BlackElo "1452"]
[PlyCount "27"]
[Result "1-0"]

1.e4 {hi, good luck and enjoy the game...}  c5 
2.Nf3 e6 {Hi, from the USA.}  3.Nc3 d6 4.Bc4 Nf6 
5.O-O Be7 6.d4 cxd4 7.Nxd4 a6 8.Bb3 O-O 9.Be3 Qc7 
10.Na4 b5 11.Nc3 Bb7 12.Bxe6 Nxe4 13.Nxe4 Bxe4 
14.Bb3 1-0

[Event "HCL-M827"]
[Site "www.playchess.de"]
[Date "2006.03.27"]
[Round "2"]
[White "Catperson"]
[Black "JanP"]
[WhiteElo "2094"]
[BlackElo "1987"]
[PlyCount "116"]
[Result "0-1"]

1.Nf3 {Greettings, good luck..}  Nf6 {Same 2u!!}  
2.c4 e6 3.g3 d5 4.b3 Be7 5.Bb2 O-O 6.Bg2 c6 7.O-O 
Nbd7 8.d3 b6 9.Qc2 Ba6 10.e4 b5 11.e5 Ng4 12.h3 
Nh6 13.Nbd2 bxc4 14.dxc4 Nf5 15.Rfd1 Bc5 16.Nf1 
Rb8 17.Rab1 Qe7 18.a3 Rfd8 19.b4 Bxc4 20.g4 Nh4 
21.Nxh4 Qxh4 22.bxc5 Bb3 23.Qe2 Bxd1 24.Qxd1 Nxc5 
25.Bd4 Qe7 26.Rc1 Nb3 27.Rxc6 Nxd4 28.Qxd4 Qxa3 
29.Rc7 a5 30.Ne3 Qb4 31.Qa1 Qb1+ 32.Rc1 Qxa1 
33.Rxa1 Rb5 34.Bf1 Rc5 35.g5 d4 {Merry christmas!} 
 36.Nc4 {Same to you ;-)}  d3 37.Nd2 Rxe5 38.f4 
Rf5 39.Ra4 h6 40.gxh6 gxh6 41.Kf2 Kg7 42.Bg2 f6 
43.Bf3 h5 44.Rc4 e5 45.fxe5 Rxe5 46.Kg3 Rb5 
47.Rc7+ Kg6 48.Kf4 Rf5+ 49.Kg3 Re5 50.Rc4 Rb5 
51.Kf4 Rd6 52.Ke3 f5 53.Rh4 Rd8 54.Bxh5+ Kg5 
55.Nf3+ Kf6 56.Nd4 Re5+ 57.Kd2 Rh8 58.Kxd3 
Re4 0-1

[Event "HCL-B3927"]
[Site "www.playchess.de"]
[Date "2006.03.27"]
[Round "5"]
[White "GOChess"]
[Black "larese"]
[WhiteElo "1370"]
[BlackElo "763"]
[PlyCount "33"]
[Result "1-0"]

1.e4 e5 2.Nf3 Nc6 3.Bb5 f6 4.Bxc6 dxc6 5.O-O Bg4 
6.d3 g5 7.h3 Bh5 8.Nc3 Nh6 9.Bd2 g4 10.hxg4 Nxg4 
11.Nh2 f5 12.exf5 Nxh2 13.Qxh5+ Kd7 14.Qxh2 Bd6 
15.Ne4 Qe7 16.Qh3 Kd8 17.Bg5 1-0

[Event "HCL-B3934"]
[Site "www.playchess.de"]
[Date "2006.03.27"]
[Round "10"]
[White "larese"]
[Black "cabe"]
[WhiteElo "800"]
[BlackElo "1106"]
[PlyCount "69"]
[Result "0-1"]

1.d4 d5 {Hello from Amsterdam.Have a good game!}  
2.Nf3 c6 3.Nc3 Nf6 4.Bg5 Bg4 5.Ne5 Ne4 6.Nxg4 Nxg5 
7.e3 e6 8.f3 Bb4 9.h4 f5 10.Ne5 Nf7 11.Nxf7 Kxf7 
12.g4 Bxc3+ 13.bxc3 fxg4 14.fxg4 {Hello from 
Venice ! Good game !}  Rf8 15.Bd3 Kg8 16.Kd2 Nd7 
17.g5 e5 18.g6 h6 19.Qe1 e4 20.Be2 Rf6 21.Rg1 Nf8 
22.h5 Ne6 23.c4 Rc8 24.Qg3 dxc4 25.Bxc4 Qa5+ 
26.Ke2 Qxh5+ 27.Kd2 Qa5+ 28.c3 Qa4 29.Rgf1 Qxc4 
30.Rxf6 Qd3+ 31.Ke1 Qxc3+ 32.Kf2 Qxa1 33.Rxe6 
Qxa2+ 34.Kg1 Qxe6 35.Qh2 0-1

[Event "HCL-A2608"]
[Site "www.playchess.de"]
[Date "2006.03.27"]
[Round "22"]
[White "mrchess"]
[Black "stevetilbury"]
[WhiteElo "1438"]
[BlackElo "1640"]
[PlyCount "50"]
[Result "0-1"]

1.e4 {good game}  e6 2.d4 d5 {Thanks - look 
forward to it}  3.e5 c5 4.c3 Nc6 5.Nf3 Qb6 6.Be3 
Qxb2 7.Nbd2 Qxc3 8.Be2 cxd4 9.Bg5 Be7 10.Bxe7 
Ngxe7 11.O-O d3 12.Bxd3 Qxd3 13.Re1 Bd7 14.Nb3 
Qxd1 15.Rexd1 b6 16.Rdc1 O-O 17.Nbd4 Nxd4 18.Nxd4 
Rfc8 19.f4 Rxc1+ 20.Rxc1 Rc8 21.Rd1 Rc5 22.Nb3 Ba4 
23.Kf2 Rc2+ 24.Kf3 Rxa2 25.Rb1 
Ra3 0-1

[Event "HCL-B3957"]
[Site "www.playchess.de"]
[Date "2006.03.27"]
[Round "7"]
[White "patzer55"]
[Black "eisbaer17"]
[WhiteElo "1375"]
[BlackElo "1339"]
[PlyCount "53"]
[Result "1-0"]

1.e4 c5 2.Nf3 g6 3.d4 Bg7 4.dxc5 Nc6 5.c3 Qa5 6.b4 
Nxb4 7.e5 Nc6 8.Ba3 Nxe5 9.Bb4 Qc7 10.a4 b6 
11.cxb6 axb6 12.Nxe5 Bxe5 13.Qb3 Bxh2 14.g3 Bxg3 
15.fxg3 Qxg3+ 16.Kd2 Bb7 17.Rh3 Qf2+ 18.Be2 d6 
19.Na3 Qf4+ 20.Re3 Nf6 21.Nc4 Bd5 22.Rf1 Ne4+ 
23.Kd3 Nf2+ 24.Rxf2 Qxf2 25.Nxd6+ Kd7 26.Qxd5 Qe1 
27.Bg4+ 1-0

[Event "HCL-A2567"]
[Site "www.playchess.de"]
[Date "2006.03.27"]
[Round "6"]
[White "PartyJokker"]
[Black "Macko"]
[WhiteElo "1323"]
[BlackElo "1766"]
[PlyCount "96"]
[Result "0-1"]

1.e4 Nc6 2.d4 e6 3.Nf3 d5 4.e5 Qd7 5.Be2 b6 6.O-O 
Bb7 7.Bb5 O-O-O 8.a4 Nge7 9.b4 a6 10.Bxc6 Nxc6 
11.b5 Na7 12.bxa6 Bxa6 13.Re1 Nc6 14.Bd2 Bc4 15.a5 
b5 16.a6 Be7 17.c3 f5 18.Ng5 Bf8 19.Na3 Bxa3 
20.Rxa3 h6 21.Nh3 Qe7 22.Ra1 g5 23.f3 Rd7 24.Bc1 
Qh7 25.Nf2 f4 26.Ba3 h5 27.Bc5 Rhd8 28.Qc1 Bb3 
29.Qa3 Ba4 30.a7 Kb7 31.Reb1 Ka8 32.Qb2 Qc2 
33.Qxc2 Bxc2 34.Rxb5 Bf5 35.h3 h4 36.Ra6 Ne7 37.g4 
fxg3 38.Rb8+ Rxb8 39.axb8Q+ Kxb8 40.Nd1 Bxh3 
41.Ne3 Ng6 42.Rxe6 Bxe6 43.Nc2 h3 44.Nb4 Nf4 
45.Nc6+ Ka8 46.Ba3 Rh7 47.Bc1 h2+ 48.Kh1 
g2+ 0-1

[Event "HCL-E1591"]
[Site "www.playchess.de"]
[Date "2006.03.27"]
[Round "5"]
[White "Maahinen"]
[Black "gridguy"]
[WhiteElo "1736"]
[BlackElo "1552"]
[PlyCount "52"]
[Result "0-1"]

1.d4 {good luck from ottawa canada}  Nf6 {And to 
you from Seattle ... congrats on the men's curling 
gold!}  2.c4 {thanks. the team played a great last 
game}  g6 {Too bad the Canada (and U.S.) hockey 
team didn't do as well as the curlers. But a fine 
Olympics anyway.}  3.Nc3 {yes canada won 24 
medals- a first for us}  d5 4.Nf3 Bg7 {sorry for 
the delay. I don't usually take so long to move.}  
5.Qb3 {no problem.I am in no hurry!}  e6 6.Bg5 c6 
7.e3 O-O 8.Be2 b6 9.O-O dxc4 10.Bxc4 Ba6 11.Bxa6 
Nxa6 12.Ne4 Nc7 13.Rac1 h6 14.Nxf6+ Bxf6 15.Bxh6 
Re8 16.Rxc6 Kh7 17.Bf4 Nd5 18.Be5 Rc8 19.Rxc8 Qxc8 
20.Bxf6 Nxf6 21.Ne5 Re7 22.Qd1 Rc7 23.b3 Kg7 24.h3 
Rc2 25.a3 Qc3 26.Qb1 Rb2 0-1

[Event "HCL-A2587"]
[Site "www.playchess.de"]
[Date "2006.03.27"]
[Round "9"]
[White "k_a_n_i_b_a_l"]
[Black "baggur"]
[WhiteElo "1580"]
[BlackElo "1600"]
[PlyCount "133"]
[Result "1/2-1/2"]

1.d4 {hi from Argentina}  Nf6 2.c4 g6 3.Nc3 Bg7 
4.Nf3 O-O 5.e3 d5 6.Bd3 dxc4 7.Bxc4 Nbd7 8.O-O Nb6 
9.Bb3 a5 10.h3 a4 11.Bc2 Be6 12.b3 axb3 13.Bxb3 
Bxb3 14.Qxb3 e6 15.Ba3 Re8 16.Bc5 Nfd7 17.Rfd1 Qc8 
18.Bb4 c6 19.Ne4 Bf8 20.Rac1 Qc7 21.a3 Nd5 22.Nfd2 
Nxb4 23.axb4 Qb6 24.Nc4 Qxb4 25.Qxb4 Bxb4 26.Rcb1 
Be7 27.Rxb7 Nf6 28.Ned6 Bxd6 29.Nxd6 Ref8 30.Rb6 
Ra2 31.Rxc6 Nd5 32.Rdc1 Nb4 33.R6c8 Nd3 34.Rxf8+ 
Kxf8 35.Rf1 Ke7 36.Ne4 f5 37.Ng3 Kf6 38.f3 e5 
39.dxe5+ Nxe5 40.Re1 Rd2 41.Nf1 Rb2 42.e4 fxe4 
43.Rxe4 {I'll be on holidays next two weeks...}  
h5 {Enjoy your holidays!}  44.Rd4 Ke6 45.Rd2 Rb1 
46.Kf2 Ra1 47.Ne3 Ra3 48.Re2 Nd3+ 49.Kg3 Kf7 
50.Nc4 Rc3 51.Ne5+ Nxe5 52.Rxe5 Ra3 53.Kf4 Ra2 
54.g4 hxg4 55.hxg4 Ra4+ 56.Re4 Ra5 57.Re5 Ra3 
58.g5 Ra4+ 59.Re4 Ra5 60.Kg4 Ra1 61.f4 Rg1+ 62.Kf3 
Rf1+ 63.Ke2 Ra1 64.Rd4 Ke6 65.Ke3 Re1+ 66.Kf2 Ra1 
67.Ke3 {(offering draw)}  1/2-1/2

[Event "HCL-B3894"]
[Site "www.playchess.de"]
[Date "2006.03.27"]
[Round "7"]
[White "jackone"]
[Black "kadarzol"]
[WhiteElo "1434"]
[BlackElo "1801"]
[PlyCount "66"]
[Result "0-1"]

1.c4 g6 2.Nc3 Bg7 3.g3 Nc6 4.e3 d6 5.Bg2 e5 6.Nge2 
Nge7 7.O-O O-O 8.Nd5 Nxd5 9.cxd5 Nb4 10.Qb3 a5 
11.a3 Na6 12.d4 exd4 13.Nxd4 Nc5 14.Qb5 Bd7 15.Qe2 
Re8 16.f4 Bxd4 17.Qf2 Nd3 18.Qe2 Nxc1 19.Rfxc1 
Rxe3 20.Qxe3 Bxe3+ 21.Kh1 Bxc1 22.Rxc1 c5 23.Rf1 
Qf6 24.Rb1 Qd4 25.h4 Re8 26.Kh2 Re2 27.b4 Qf2 
28.Rg1 Bh3 29.Kxh3 Qxg1 30.Bf3 Qh2+ 31.Kg4 f5+ 
32.Kg5 Kg7 33.g4 h6+ 0-1

[Event "HCL-A2594"]
[Site "www.playchess.de"]
[Date "2006.03.27"]
[Round "10"]
[White "Kannsnich"]
[Black "pop3dan"]
[WhiteElo "1330"]
[BlackElo "1659"]
[PlyCount "76"]
[Result "0-1"]

1.c4 Nf6 2.Nc3 e6 3.e4 Nc6 4.Nf3 Bb4 5.e5 Ng8 
6.Qc2 d5 7.cxd5 exd5 8.d4 Bg4 9.Be2 Nge7 10.Be3 
Nf5 11.O-O O-O 12.Rad1 Be7 13.Qb3 Na5 14.Qxd5 c6 
15.Qxd8 Raxd8 16.h3 Bxf3 17.Bxf3 Nxe3 18.fxe3 Nc4 
19.Rfe1 Nxb2 20.Rd2 Nc4 21.Rc2 Bh4 22.Ree2 Bg5 
23.Ne4 Bxe3+ 24.Kh1 Rxd4 25.Rxc4 Rxc4 26.Rxe3 b5 
27.Nd6 Rc1+ 28.Kh2 a5 29.Re2 g6 30.Ne4 Rd8 31.Nd6 
a4 32.Rb2 Rd7 33.Be4 f6 34.Rc2 Rxc2 35.Bxc2 fxe5 
36.Ne4 Rd4 37.Kg3 Kf7 38.Kf3 Rb4 0-1

[Event "HCL-A2527"]
[Site "www.playchess.de"]
[Date "2006.03.27"]
[Round "27"]
[White "GCP"]
[Black "asskicker"]
[WhiteElo "1491"]
[BlackElo "1643"]
[PlyCount "123"]
[Result "1/2-1/2"]

1.e4 {hi again, I'll try to play a more dignified 
game than the last one !}  c5 {hi; I was surprised 
you quit that early.  I frequently mess up when I 
get a lead.}  2.c3 {I played all the tournament 
games in a horrible manner ... but I'm not a 
vindictive man :))}  Nf6 {I was on a roll but I 
got over confident again.}  3.e5 Nd5 4.d4 cxd4 
5.Bc4 Qc7 6.Qe2 Nf4 7.Bxf4 e6 {I can't explain 
that one.}  8.Nf3 {I was  surprised: you had found 
a move out of theory to refute my variation !!! 
only after few minutes I seen my bishop !!!}  dxc3 
{I don't think a theory covers sloppy play.}  
9.Nxc3 {:))}  d5 10.exd6 Bxd6 11.Bxd6 Qxd6 12.Rd1 
Qb4 13.a3 Qe7 14.O-O O-O 15.Nb5 a6 16.Nbd4 b5 
17.Ba2 Bb7 18.Rfe1 Nc6 19.Nxc6 Bxc6 20.Nd4 Bb7 
21.Qg4 Rad8 22.Nf3 Rxd1 23.Rxd1 Qf6 24.Qd4 Bxf3 
25.Qxf6 gxf6 26.gxf3 Rc8 27.Rd2 Kf8 28.f4 f5 
29.Kg2 Ke7 30.Kf3 Rg8 31.Ke3 Rg2 32.f3 Rg1 33.Bb3 
h5 34.a4 bxa4 35.Bxa4 h4 36.Kf2 Rg8 37.Rd7+ Kf6 
38.h3 Rb8 39.b3 Ra8 40.Ke3 a5 41.Bb5 Rb8 42.Bc4 
Rg8 43.Ra7 Rg1 44.Kf2 Ra1 45.b4 Rc1 46.Bb5 axb4 
47.Be8 Rc8 48.Ba4 Rb8 49.Bb3 Rb6 50.Rc7 Rb8 51.Ke3 
Rb6 52.Rc1 Rb8 53.Rb1 Ke7 54.Rd1 Rc8 55.Rd4 Rc3+ 
56.Rd3 Rc1 57.Kf2 Rh1 58.Kg2 Rb1 59.Ba4 Rb2+ 
60.Kg1 Ra2 61.Bb3 Rb2 {this is by far the longest 
game i have played.}  62.Bc4 {(offering draw) I 
was waiting because, before you lost against 
Taroak, I seen you needed this point to win the 
tournament.
... for me it's enough !
}  1/2-1/2